| 000 | 00581nam a22001577a 4500 | ||
|---|---|---|---|
| 003 | macl | ||
| 005 | 20200131124858.0 | ||
| 008 | 200131b xxu||||| |||| 00| 0 eng d | ||
| 040 | _cmacl | ||
| 082 | _a800/HAR | ||
| 100 |
_aसंपा. प्रेम जनमेजय _976398 |
||
| 245 | _aहिंदी व्यंग्य की धार्मिक पुस्तक हरिशंकर परसाई | ||
| 260 |
_aदिल्ली _bकिताबघर प्रकाशन _c2017 |
||
| 650 |
_aरचनावली _9163 |
||
| 942 |
_2ddc _cHIN |
||
| 999 |
_c61907 _d61907 |
||